| 000 | 00474pab a2200169 454500 | ||
|---|---|---|---|
| 008 | 180718b2014 xxu||||| |||| 00| 0 eng d | ||
| 100 | _aBhatia, Mohita | ||
| 245 | _aDalits in Jammu and Kashmir: Resistance and collaboration in a conflict situation | ||
| 260 | _c2014 | ||
| 300 | _ap.941-965. | ||
| 362 | _aSep-Oct | ||
| 650 | _aBackward classes - India - Jammu and Kashmir | ||
| 650 | _aBackward classes | ||
| 773 | _aAsian Survey | ||
| 908 | _aN | ||
| 909 | _a105906 | ||
| 999 |
_c105901 _d105901 |
||